[Event "oibm_2008 Bad Wiesee"]
[Site "?"]
[Date "2008.11.06"]
[Round "?"]
[White "Weber, U."]
[Black "Yemelin, V."]
[Result "1/2-1/2"]
[WhiteElo "2411"]
[BlackElo "2573"]
[PlyCount "137"]
[EventDate "2008.??.??"]

1. Nf3 c5 2. g3 Nc6 3. Bg2 g6 4. O-O Bg7 5. c4 e5 6. Nc3 d6 7. a3 Nge7 8. Rb1
a5 9. d3 O-O 10. Bd2 h6 11. Ne1 Be6 12. Nd5 Rb8 13. Nxe7+ Nxe7 14. b4 axb4 15.
axb4 cxb4 16. Rxb4 d5 17. cxd5 Bxd5 18. Bxd5 Qxd5 19. Qb3 b5 20. Nf3 Rb7 21.
Rc1 Qxb3 22. Rxb3 Rc8 23. Rcb1 Rcb8 24. Bb4 Nc6 25. Rc1 Rb6 26. Bc5 Ra6 27.
Rcb1 b4 28. e3 Rb5 29. d4 exd4 30. Bxd4 Bf8 31. Kf1 f5 32. h3 Kf7 33. Ke2 Ke6
34. Bb2 Ra2 35. Nd4+ Nxd4+ 36. exd4 Kd5 37. Kd3 Bd6 38. Re1 Rb8 39. Re2 Raa8
40. Bc1 g5 41. Rb1 Rc8 42. Bb2 Ra2 43. Ra1 Rxa1 44. Bxa1 Ra8 45. Bb2 g4 46. Re1
h5 47. Rh1 Ra2 48. Kc2 Kc4 49. hxg4 hxg4 50. Rh5 b3+ 51. Kb1 Ra5 52. Rh6 Ba3
53. Rc6+ Kd5 54. Rf6 Ke4 55. Re6+ Kf3 56. Re5 Rxe5 57. dxe5 Be7 58. Bd4 Ke4 59.
Bb6 Kxe5 60. Kb2 Ke4 61. Kxb3 Kd3 62. Ba7 Bg5 63. Kb4 Ke2 64. Kc4 Bd2 65. Kd5
Be1 66. Ke5 Bxf2 67. Kxf5 Bxa7 68. Kxg4 Bb8 69. Kf5 1/2-1/2

[Event "oibm_2008 Bad Wiesee"]
[Site "?"]
[Date "2008.11.07"]
[Round "?"]
[White "Bachmann, A."]
[Black "Farago, I."]
[Result "1-0"]
[WhiteElo "2555"]
[BlackElo "2489"]
[PlyCount "97"]
[EventDate "2008.??.??"]

1. c4 Nf6 2. Nc3 e5 3. Nf3 Nc6 4. a3 g6 5. d3 Bg7 6. g3 O-O 7. Bg2 d6 8. O-O
Nd4 9. Nd2 c6 10. b4 d5 11. Bb2 Be6 12. e3 Nf5 13. cxd5 cxd5 14. Na4 Nd7 15.
Nb3 b6 16. Nc3 Ne7 17. Rc1 Rc8 18. a4 Nb8 19. b5 Qd6 20. d4 e4 21. Nd2 Rc7 22.
Qb3 Rfc8 23. Ba3 Qd8 24. Ne2 Rxc1 25. Rxc1 Rxc1+ 26. Bxc1 Bf8 27. Nf4 Qc8 28.
Ba3 Nf5 29. Bxf8 Kxf8 30. Qb4+ Ke8 31. Bh3 Qd8 32. f3 exf3 33. Nxf3 Ng7 34. Bg2
Nd7 35. Qd6 Nf6 36. Qc6+ Ke7 37. Ne5 Nge8 38. Qb7+ Qc7 39. Nc6+ Kd6 40. Qa8 a5
41. Bh3 Bxh3 42. Nxh3 Ke6 43. Nf4+ Kf5 44. Nxd5 Nxd5 45. Qxe8 Nf6 46. Qa8 Ng4
47. e4+ Kg5 48. Qh8 Nf6 49. e5 1-0

[Event "oibm_2008 Bad Wiesee"]
[Site "?"]
[Date "2008.11.07"]
[Round "?"]
[White "Edouard, R."]
[Black "Naumann, A."]
[Result "1/2-1/2"]
[WhiteElo "2531"]
[BlackElo "2518"]
[PlyCount "87"]
[EventDate "2008.??.??"]

1. e4 e5 2. Nf3 Nf6 3. Nxe5 d6 4. Nf3 Nxe4 5. d4 d5 6. Bd3 Nc6 7. O-O Be7 8.
Nc3 Bf5 9. Re1 Nxc3 10. bxc3 Bxd3 11. Qxd3 O-O 12. c4 dxc4 13. Qxc4 Bd6 14. Bg5
Qd7 15. d5 Ne7 16. Bxe7 Bxe7 17. Rab1 Rab8 18. Ne5 Qd6 19. Qa4 Rfd8 20. Nc4
Qxd5 21. Rxe7 b5 22. Qxa7 Qxc4 23. Rxc7 Qd5 24. g3 Qf3 25. Qe3 Qxe3 26. fxe3 g6
27. Rc5 Rd2 28. Rcxb5 Rxb5 29. Rxb5 Rxc2 30. a4 Ra2 31. Rb4 f5 32. e4 fxe4 33.
Rxe4 Kf7 34. h4 h5 35. g4 hxg4 36. Rxg4 g5 37. hxg5 Kg6 38. Kf1 Kf5 39. Rb4
Kxg5 40. Ke1 Kf5 41. Kd1 Ke5 42. Kc1 Kd6 43. Kb1 Rh2 44. Rb2 1/2-1/2

[Event "oibm_2008 Bad Wiesee"]
[Site "?"]
[Date "2008.11.07"]
[Round "?"]
[White "Hossain, E."]
[Black "Henrichs, T."]
[Result "1/2-1/2"]
[WhiteElo "2494"]
[BlackElo "2485"]
[PlyCount "60"]
[EventDate "2008.??.??"]

1. e4 c5 2. Nf3 d6 3. d4 cxd4 4. Nxd4 Nf6 5. Nc3 g6 6. Be3 Bg7 7. f3 Nc6 8. Qd2
O-O 9. Bc4 Bd7 10. O-O-O Rc8 11. Bb3 Ne5 12. h4 h5 13. Bh6 Nc4 14. Bxc4 Rxc4
15. Bxg7 Kxg7 16. Kb1 Qa5 17. Nb3 Qc7 18. Nd5 Nxd5 19. exd5 Rc8 20. Rc1 Qb6 21.
g4 hxg4 22. h5 Bf5 23. hxg6 fxg6 24. Qg5 Qd8 25. fxg4 Rxg4 26. Qh6+ Kf7 27.
Rcf1 Qf8 28. Rxf5+ gxf5 29. Qe6+ Kg7 30. Qh6+ Kf7 1/2-1/2

[Event "oibm_2008 Bad Wiesee"]
[Site "?"]
[Date "2008.11.07"]
[Round "?"]
[White "Khmelniker, I."]
[Black "Teske, H."]
[Result "1/2-1/2"]
[WhiteElo "2443"]
[BlackElo "2513"]
[PlyCount "91"]
[EventDate "2008.??.??"]

1. d4 d5 2. Nf3 Nf6 3. c4 e6 4. Nc3 c5 5. cxd5 Nxd5 6. e4 Nxc3 7. bxc3 cxd4 8.
cxd4 Bb4+ 9. Bd2 Bxd2+ 10. Qxd2 O-O 11. Bc4 Nd7 12. O-O b6 13. Rfe1 Bb7 14.
Rad1 Rc8 15. Bd3 Qe7 16. Qf4 Rfd8 17. Bb1 Nf8 18. h4 Rc3 19. h5 h6 20. Rc1 Rxc1
21. Rxc1 Rd6 22. Kh2 Rc6 23. Rd1 Rd6 24. Bc2 b5 25. Bb3 a5 26. Bc2 Rd8 27. Qe5
Qd6 28. Qxd6 Rxd6 29. Bd3 b4 30. Rc1 f5 31. exf5 exf5 32. Bc4+ Kh7 33. Nh4 Rxd4
34. Nxf5 Rd2 35. Bb3 a4 36. Bxa4 Rxf2 37. Ne3 Rxa2 38. Bc2+ Kh8 39. Rb1 Ra5 40.
Rxb4 Rxh5+ 41. Kg1 Re5 42. Rxb7 Rxe3 43. Rb8 Kg8 44. Bb3+ Kh7 45. Bc2+ Kg8 46.
Bb3+ 1/2-1/2

[Event "oibm_2008 Bad Wiesee"]
[Site "?"]
[Date "2008.11.07"]
[Round "?"]
[White "Llaneza Vega, M."]
[Black "Burmakin, V."]
[Result "0-1"]
[WhiteElo "2485"]
[BlackElo "2625"]
[PlyCount "126"]
[EventDate "2008.??.??"]

1. e4 c6 2. d4 d5 3. e5 Bf5 4. Nf3 e6 5. Be2 Nd7 6. O-O h6 7. c3 Ne7 8. Na3 Bh7
9. Nc2 Ng6 10. g3 Be7 11. Nfe1 O-O 12. Nd3 c5 13. f4 c4 14. Nf2 b5 15. Bg4 f5
16. exf6 Rxf6 17. Bh3 Ngf8 18. Ne3 Rf7 19. f5 Bxf5 20. Bxf5 exf5 21. Nxd5 Nb6
22. Nxe7+ Qxe7 23. Bf4 Re8 24. Re1 Qd7 25. Qf3 Rfe7 26. Rxe7 Rxe7 27. Be5 Ng6
28. Re1 Nd5 29. Nh3 Nxe5 30. dxe5 g5 31. Qh5 Qe6 32. Rd1 Kg7 33. Qf3 Nb6 34.
Nf2 Qxe5 35. Qc6 Rc7 36. Qg2 Qe6 37. Qf3 Re7 38. Rd8 g4 39. Qf4 Qe5 40. Qd2
Qe1+ 41. Kg2 Qxd2 42. Rxd2 Rd7 43. Re2 Kf6 44. Kf1 Rd5 45. a3 Na4 46. Kg1 Re5
47. Rd2 Ke7 48. Kf1 a6 49. Nd1 Nc5 50. Nf2 h5 51. Kg2 Nb3 52. Rc2 Re1 53. h3
Kf6 54. hxg4 hxg4 55. Kh2 Ke6 56. Kg2 Ke5 57. Kh2 Nc5 58. Kg2 Ne6 59. Rd2 Ng5
60. Rc2 Ke6 61. b3 Nf3 62. Nh3 gxh3+ 63. Kxf3 cxb3 0-1

[Event "oibm_2008 Bad Wiesee"]
[Site "?"]
[Date "2008.11.07"]
[Round "?"]
[White "Pena Gomez, M."]
[Black "Bobras, P."]
[Result "1/2-1/2"]
[WhiteElo "2467"]
[BlackElo "2565"]
[PlyCount "55"]
[EventDate "2008.??.??"]

1. e4 c5 2. Nf3 Nc6 3. d4 cxd4 4. Nxd4 Nf6 5. Nc3 e5 6. Ndb5 d6 7. Bg5 a6 8.
Na3 b5 9. Nd5 Be7 10. Bxf6 Bxf6 11. c4 Nd4 12. cxb5 Bg5 13. b6 O-O 14. Bc4 Kh8
15. O-O Bb7 16. Qd3 Ne6 17. Rad1 g6 18. Nc7 Nxc7 19. bxc7 Qxc7 20. Qxd6 Qxd6
21. Rxd6 Bxe4 22. Re1 f5 23. Rxa6 Rxa6 24. Bxa6 Rb8 25. f3 Rxb2 26. Bc4 Be7 27.
fxe4 Bxa3 28. g3 1/2-1/2

[Event "oibm_2008 Bad Wiesee"]
[Site "?"]
[Date "2008.11.07"]
[Round "?"]
[White "Yuan, Y."]
[Black "Eingorn, V."]
[Result "1/2-1/2"]
[WhiteElo "2157"]
[BlackElo "2557"]
[PlyCount "87"]
[EventDate "2008.??.??"]

1. e4 c5 2. Nf3 a6 3. c3 d5 4. exd5 Qxd5 5. d4 Nf6 6. Be2 e6 7. O-O Nc6 8. Be3
cxd4 9. cxd4 Be7 10. Nc3 Qa5 11. Nd2 Qd8 12. Nc4 Nd5 13. Nxd5 exd5 14. Ne5 O-O
15. Rc1 Qb6 16. Qd2 Bb4 17. Qd1 Bd6 18. Nxc6 bxc6 19. Qc2 Bd7 20. Bd3 f5 21.
Kh1 a5 22. f4 g6 23. Bg1 Rfb8 24. Rb1 Re8 25. Qf2 Bf8 26. Rfe1 Rxe1 27. Rxe1
Re8 28. Rxe8 Bxe8 29. Qe3 Bd7 30. b3 Bd6 31. g3 Kf7 32. Be2 Bc8 33. Qd3 Bb7 34.
Kg2 Be7 35. Kh3 Qb4 36. Qe3 Bf6 37. Bf2 Qb6 38. Qd3 h6 39. Kg2 Bc8 40. Kg1 Qb4
41. h3 h5 42. Kh2 Ke7 43. Qe3+ Kf7 44. Qd3 1/2-1/2

[Event "oibm_2008 Bad Wiesee"]
[Site "?"]
[Date "2008.11.08"]
[Round "?"]
[White "Andersson, U."]
[Black "Pena Gomes, M."]
[Result "1-0"]
[WhiteElo "2562"]
[BlackElo "2467"]
[PlyCount "103"]
[EventDate "2008.??.??"]

1. Nf3 g6 2. d4 Bg7 3. c4 Nf6 4. Nc3 O-O 5. e4 d6 6. Be2 e5 7. dxe5 dxe5 8.
Qxd8 Rxd8 9. Bg5 Re8 10. Nd5 Nxd5 11. cxd5 c6 12. Bc4 cxd5 13. Bxd5 Na6 14.
O-O-O Nb4 15. Bb3 Bg4 16. h3 Be6 17. Bxe6 Rxe6 18. Rd7 f5 19. Kb1 Na6 20. Be7
Re8 21. Ba3 b5 22. Bd6 Bh6 23. Re1 fxe4 24. Rxe4 Rc8 25. a3 Bg7 26. Ng5 Ree8
27. Rxa7 Rc6 28. Bxe5 Bxe5 29. f4 Rec8 30. fxe5 Rc1+ 31. Ka2 Nc5 32. Rf4 b4 33.
Rxb4 Rg1 34. Rc4 Rb8 35. Rxc5 Rxg2 36. Kb1 Rg1+ 37. Rc1 Rxg5 38. e6 Rh5 39. Rc3
Re8 40. Re3 Rb5 41. a4 Rb6 42. a5 Rb5 43. Ka2 h5 44. Ka3 g5 45. b4 g4 46. hxg4
hxg4 47. Rd7 Rg5 48. Rd2 Kf8 49. Ka4 Rb8 50. e7+ Ke8 51. Rf2 Rg8 52. Rf8+ 1-0

[Event "oibm_2008 Bad Wiesee"]
[Site "?"]
[Date "2008.11.08"]
[Round "?"]
[White "Bobras, P."]
[Black "Hoffmann, M."]
[Result "0-1"]
[WhiteElo "2565"]
[BlackElo "2469"]
[PlyCount "66"]
[EventDate "2008.??.??"]

1. e4 c5 2. Nf3 d6 3. d4 cxd4 4. Nxd4 Nf6 5. Nc3 a6 6. Bc4 e6 7. O-O Be7 8. Bb3
O-O 9. f4 b5 10. e5 dxe5 11. fxe5 Nfd7 12. Be3 Nxe5 13. Qh5 Nbc6 14. Rad1 Qc7
15. Bf4 g6 16. Qe2 Bc5 17. Ne4 Nxd4 18. Nf6+ Kh8 19. Rxd4 Bxd4+ 20. Kh1 b4 21.
Bg3 Bb7 22. Rf4 Bxb2 23. c4 Bc3 24. Rh4 Kg7 25. Rxh7+ Kxf6 26. Bh4+ g5 27.
Bxg5+ Kxg5 28. Qh5+ Kf4 29. Qh4+ Ke3 30. Qg3+ Bf3 31. Kg1 Qa7 32. c5 Qxc5 33.
Qf2+ Kd3 0-1

[Event "oibm_2008 Bad Wiesee"]
[Site "?"]
[Date "2008.11.08"]
[Round "?"]
[White "Burmakin, V."]
[Black "Naumann, A."]
[Result "1/2-1/2"]
[WhiteElo "2625"]
[BlackElo "2518"]
[PlyCount "124"]
[EventDate "2008.??.??"]

1. Nf3 d5 2. c4 c6 3. b3 Nf6 4. Bb2 Bg4 5. g3 Bxf3 6. exf3 Nbd7 7. d4 e6 8. Be2
Bd6 9. O-O e5 10. cxd5 Nxd5 11. Bc4 O-O 12. Bxd5 cxd5 13. Nc3 Qa5 14. a3 Nf6
15. Nb5 Qxb5 16. dxe5 Bxe5 17. Bxe5 Nd7 18. a4 Qb6 19. Bd4 Qd6 20. Bb2 Nc5 21.
b4 Ne6 22. f4 f6 23. Qb3 Rfd8 24. Rfe1 a6 25. Re3 Rac8 26. Rae1 Nf8 27. Bd4 b6
28. a5 bxa5 29. bxa5 Rc4 30. Bb6 Rdc8 31. Qd1 Qc6 32. Rd3 Re4 33. Rf1 Nd7 34.
Be3 f5 35. Rxd5 Nf6 36. Rxf5 Qe6 37. Rc5 Rxc5 38. Bxc5 h5 39. Bd4 Nd5 40. Be5
h4 41. Qh5 h3 42. Qf3 Ra4 43. Rb1 Ne7 44. Rb8+ Kf7 45. Qh5+ Ng6 46. Rb1 Rxa5
47. f5 Qxe5 48. Qxg6+ Kf8 49. f6 gxf6 50. Qh6+ Kg8 51. Qxh3 Ra1 52. Qc8+ Kg7
53. Qb7+ Kh6 54. Rxa1 Qxa1+ 55. Kg2 a5 56. h4 Qe5 57. g4 Qf4 58. f3 Qd2+ 59.
Kh3 Qe1 60. Qa6 Qh1+ 61. Kg3 Qg1+ 62. Kf4 Qd4+ 1/2-1/2

[Event "oibm_2008 Bad Wiesee"]
[Site "?"]
[Date "2008.11.08"]
[Round "?"]
[White "Edouard, R."]
[Black "Bachmann, A."]
[Result "1-0"]
[WhiteElo "2531"]
[BlackElo "2555"]
[PlyCount "73"]
[EventDate "2008.??.??"]

1. e4 c5 2. Nf3 Nc6 3. Nc3 d6 4. d4 cxd4 5. Nxd4 e6 6. Be3 Nf6 7. f4 Be7 8. Qf3
Bd7 9. O-O-O Nxd4 10. Bxd4 Qa5 11. e5 Bc6 12. Bb5 Qxb5 13. Nxb5 Bxf3 14. gxf3
Nd5 15. exd6 Bf6 16. Bxf6 gxf6 17. c4 a6 18. cxd5 axb5 19. dxe6 fxe6 20. Rhg1
Kf7 21. Kb1 Rhd8 22. f5 exf5 23. Rd5 Rd7 24. Rxb5 Re8 25. Rc1 Kg6 26. Rg1+ Kh6
27. f4 Re2 28. Rd5 Rxh2 29. a4 Rh4 30. Rd4 Rg4 31. Rc1 Rg8 32. Rd3 Kg6 33. Rc7
Rgd8 34. Rb3 Rxd6 35. Rg3+ Kh6 36. Rh3+ Kg6 37. Rcxh7 1-0

[Event "oibm_2008 Bad Wiesee"]
[Site "?"]
[Date "2008.11.08"]
[Round "?"]
[White "Eingorn, V."]
[Black "Meister, P."]
[Result "1-0"]
[WhiteElo "2557"]
[BlackElo "2388"]
[PlyCount "95"]
[EventDate "2008.??.??"]

1. d4 d5 2. c4 e6 3. Nf3 Nf6 4. Nc3 c6 5. Bg5 Nbd7 6. e3 Qa5 7. cxd5 Nxd5 8.
Qd2 N7b6 9. Bd3 Nxc3 10. bxc3 Nd5 11. O-O Qxc3 12. Qe2 Be7 13. Bxe7 Nxe7 14.
Ne5 Ng6 15. Bxg6 hxg6 16. a4 Qa5 17. Rfc1 g5 18. h3 f6 19. Nc4 Qc7 20. e4 e5
21. dxe5 fxe5 22. Qd2 g4 23. Nd6+ Kf8 24. Ra3 Be6 25. hxg4 Rd8 26. Rf3+ Kg8 27.
Rd3 Bxg4 28. Nxb7 Rxd3 29. Qxd3 Rh6 30. Nc5 Kh7 31. Qg3 Be2 32. Qe3 Bg4 33. Nd3
Bd7 34. Qg3 Rh5 35. Qf3 Rh6 36. Qg3 Rh5 37. Qf3 Rh6 38. Nc5 Bc8 39. Qf8 Rf6 40.
Qe8 Rh6 41. Nd3 Re6 42. Qh5+ Kg8 43. Ne1 Qf7 44. Qg5 Qf6 45. Nf3 Bb7 46. Rd1
Kf8 47. Qe3 a6 48. Ng5 1-0

[Event "oibm_2008 Bad Wiesee"]
[Site "?"]
[Date "2008.11.08"]
[Round "?"]
[White "Henrichs, T."]
[Black "Yemelin, V."]
[Result "1/2-1/2"]
[WhiteElo "2485"]
[BlackElo "2573"]
[PlyCount "44"]
[EventDate "2008.??.??"]

1. d4 Nf6 2. c4 e6 3. Nc3 Bb4 4. Qc2 O-O 5. e4 d6 6. e5 Nfd7 7. exd6 c5 8. a3
Bxc3+ 9. Qxc3 cxd4 10. Qxd4 Nc6 11. Qc3 Nc5 12. Be3 Ne4 13. Qd3 Nxd6 14. O-O-O
Nf5 15. Bc5 Re8 16. Qxd8 Rxd8 17. Rxd8+ Nxd8 18. f3 e5 19. Ne2 Ne6 20. Bf2 Bd7
21. Nc3 Nfd4 22. b4 a5 1/2-1/2

[Event "oibm_2008 Bad Wiesee"]
[Site "?"]
[Date "2008.11.08"]
[Round "?"]
[White "Teske, H."]
[Black "Jussupow, E."]
[Result "1-0"]
[WhiteElo "2513"]
[BlackElo "2140"]
[PlyCount "67"]
[EventDate "2008.??.??"]

1. d4 Nf6 2. c4 e6 3. g3 d5 4. Nf3 Bb4+ 5. Bd2 Be7 6. Bg2 Ne4 7. O-O O-O 8. Nc3
b6 9. cxd5 exd5 10. Rc1 Bb7 11. Bf4 c5 12. dxc5 Bxc5 13. Nxe4 dxe4 14. Ng5 Qe7
15. b4 Rd8 16. Qb3 Bd5 17. Qb1 h6 18. Nxf7 Kxf7 19. bxc5 bxc5 20. Rfd1 Nc6 21.
Rxd5 Rxd5 22. Bxe4 Rad8 23. Bxd5+ Rxd5 24. Qb3 Qe6 25. Be3 Na5 26. Qb8 Qd7 27.
Kg2 Rh5 28. Qf4+ Kg8 29. g4 Rd5 30. Bxc5 Qc6 31. Be3 Rc5+ 32. f3 Rxc1 33. Bxc1
Qb5 34. Qe4 1-0

[Event "oibm_2008 Bad Wiesee"]
[Site "Bad Wiessee"]
[Date "2008.11.03"]
[Round "3.35"]
[White "Forchert, Martin"]
[Black "Graf, Christian"]
[Result "1/2-1/2"]
[WhiteElo "2385"]
[BlackElo "2123"]
[PlyCount "78"]
[EventDate "2008.??.??"]
[WhiteTeam "Bielefelder Schachklub von 1883"]
[BlackTeam "SGem Pang/Rosenheim"]

1. e4 c6 2. d4 d5 3. e5 Bf5 4. Nc3 Qb6 5. Nf3 e6 6. Be2 Ne7 7. O-O Nd7 8. b3
Nc8 9. Nh4 Bg6 10. Be3 Qd8 11. g3 Be7 12. Nxg6 hxg6 13. Na4 Ncb6 14. Nxb6 Qxb6
15. c4 O-O 16. Rc1 Rfc8 17. Qd3 dxc4 18. bxc4 c5 19. Rb1 Qc7 20. Rfd1 cxd4 21.
Bxd4 Nc5 22. Qe3 b6 23. Rd2 Rd8 24. Qf3 Rac8 25. h4 Qb7 26. Qxb7 Nxb7 27. Rbd1
Na5 28. Bc3 Rxd2 29. Rxd2 Rd8 30. Rxd8+ Bxd8 31. c5 bxc5 32. Bxa5 Bxa5 33. Bc4
Kf8 34. f4 Be1 35. Kg2 Ke7 36. Kf3 f6 37. Bd3 Kf7 38. Bc4 Ke7 39. Bd3 Kf7
1/2-1/2

[Event "oibm_2008 Bad Wiesee"]
[Site "Bad Wiessee"]
[Date "2008.11.03"]
[Round "3.25"]
[White "Skembris, Spyridon"]
[Black "Kastek, Thomas"]
[Result "1-0"]
[WhiteElo "2422"]
[BlackElo "2184"]
[PlyCount "31"]
[EventDate "2008.??.??"]

1. c4 e6 2. d4 d5 3. Nf3 Nf6 4. Nc3 Be7 5. Bg5 h6 6. Bh4 O-O 7. e3 b6 8. Rc1
Bb7 9. Bxf6 Bxf6 10. cxd5 exd5 11. b4 c6 12. Be2 a5 13. b5 c5 14. O-O Qd6 15.
dxc5 bxc5 16. Ne4 1-0

[Event "oibm_2008 Bad Wiesee"]
[Site "Bad Wiessee"]
[Date "2008.11.03"]
[Round "3.27"]
[White "Kaeding, Rainer"]
[Black "Weber, Ulrich"]
[Result "1/2-1/2"]
[WhiteElo "2184"]
[BlackElo "2411"]
[PlyCount "83"]
[EventDate "2008.??.??"]

1. e4 c5 2. Nc3 Nc6 3. g3 g6 4. Bg2 Bg7 5. d3 d6 6. Be3 Rb8 7. Qd2 b5 8. f4 b4
9. Nd1 Qb6 10. Nf3 f5 11. exf5 gxf5 12. O-O Nf6 13. Kh1 O-O 14. Bg1 e6 15. Ne3
Qc7 16. c3 bxc3 17. bxc3 h6 18. Rab1 Ba6 19. Qc2 Ne7 20. Rxb8 Rxb8 21. h3 Qa5
22. Rc1 Qa3 23. Nd1 Bxd3 24. Qxd3 Qxc1 25. Qxd6 Re8 26. Qxe6+ Kh8 27. Nf2 Qc2
28. Ne5 Ned5 29. Qf7 Nxc3 30. Nfd3 Ne2 31. Qg6 Re7 32. Bxc5 Rc7 33. Bf2 Nc1 34.
Nxc1 Qxf2 35. Ncd3 Qxa2 36. Qxf5 Rc2 37. Ng6+ Kg8 38. Ne7+ Kh8 39. Ng6+ Kg8 40.
Ne7+ Kf8 41. Ng6+ Kg8 42. Ne7+ 1/2-1/2

[Event "oibm_2008 Bad Wiesee"]
[Site "Bad Wiessee"]
[Date "2008.11.03"]
[Round "3.28"]
[White "Jugelt, Tobias"]
[Black "Gerstner, Bernhard"]
[Result "1-0"]
[WhiteElo "2394"]
[BlackElo "2183"]
[PlyCount "47"]
[EventDate "2008.??.??"]

1. d4 Nf6 2. Bg5 e6 3. e3 h6 4. Bxf6 Qxf6 5. f4 g6 6. Nf3 Bg7 7. Nc3 d6 8. Qd2
Nd7 9. Nb5 Qd8 10. Qc3 Nc5 11. Qa3 Ne4 12. Bd3 Nf6 13. e4 O-O 14. O-O Bd7 15.
Nc3 Bc6 16. Rfe1 a6 17. Qb3 b5 18. e5 Nd5 19. Be4 Ne7 20. Bxc6 Nxc6 21. d5 exd5
22. e6 fxe6 23. Rxe6 Rf6 24. Rxf6 1-0

[Event "oibm_2008 Bad Wiesee"]
[Site "Bad Wiessee"]
[Date "2008.11.03"]
[Round "3.31"]
[White "Köpke, Christian"]
[Black "Brychcy, Felix"]
[Result "1-0"]
[WhiteElo "2356"]
[BlackElo "2101"]
[PlyCount "37"]
[EventDate "2008.??.??"]

1. e4 e5 2. f4 exf4 3. Nf3 g5 4. h4 g4 5. Ne5 Nf6 6. Bc4 d5 7. exd5 Bd6 8. d4
O-O 9. Nc3 c6 10. Bxf4 cxd5 11. Bxd5 Nxd5 12. Nxd5 Qa5+ 13. Nc3 Bxe5 14. dxe5
Rd8 15. Qe2 Nc6 16. O-O Nd4 17. Qf2 Bf5 18. Be3 Qb6 19. Qxf5 1-0

[Event "oibm_2008 Bad Wiesee"]
[Site "Bad Wiessee"]
[Date "2008.11.03"]
[Round "3.37"]
[White "Naundorf, Maik"]
[Black "Arnaudov, Petar G"]
[Result "0-1"]
[WhiteElo "2110"]
[BlackElo "2344"]
[PlyCount "60"]
[EventDate "2008.??.??"]

1. Nf3 Nf6 2. c4 Nc6 3. d4 e6 4. a3 d6 5. Nc3 g6 6. e4 Bg7 7. h3 O-O 8. Bg5 h6
9. Be3 Re8 10. Bd3 Nd7 11. Bc2 a5 12. O-O Nb6 13. d5 Ne7 14. Nd2 c6 15. dxe6
Bxe6 16. Bd3 d5 17. c5 d4 18. cxb6 dxe3 19. Nc4 exf2+ 20. Kh1 Nc8 21. Na4 Qd4
22. Qc2 Bxc4 23. Bxc4 Nd6 24. Bd3 Nxe4 25. Bxe4 Qxe4 26. Qb3 Qf4 27. g3 Qf5 28.
Kh2 Bd4 29. Rad1 Re3 30. Qc4 Qf3 0-1

[Event "oibm_2008 Bad Wiesee"]
[Site "Bad Wiessee"]
[Date "2008.11.03"]
[Round "3.38"]
[White "Callenberg, Ralf"]
[Black "Aepfler, Christian"]
[Result "0-1"]
[WhiteElo "2108"]
[BlackElo "2317"]
[PlyCount "108"]
[EventDate "2008.??.??"]

1. c4 e6 2. g3 d5 3. Nf3 Nf6 4. Bg2 Be7 5. b3 d4 6. O-O O-O 7. e3 Nc6 8. exd4
Nxd4 9. Bb2 Bc5 10. Nc3 Nxf3+ 11. Bxf3 Bd4 12. Qc2 e5 13. Nd5 Nxd5 14. cxd5
Bxb2 15. Qxb2 Qf6 16. Qc3 Bh3 17. Rfe1 Rfe8 18. Re3 Re7 19. Rc1 Rae8 20. Qb4 b6
21. Rc6 Qf5 22. d3 Qd7 23. Qh4 Bf5 24. Be4 Bg6 25. g4 f5 26. gxf5 Bxf5 27. Rg3
Rf7 28. Qg5 Bxe4 29. dxe4 Qe7 30. Re6 Qf8 31. Qxe5 Rxe6 32. Qxe6 Kh8 33. f3 h6
34. Kg2 Re7 35. Qc6 Qf4 36. Qc3 a5 37. Rg4 Qd6 38. Qd4 Qa3 39. Qd2 Qd6 40. Rf4
Kg8 41. Rf5 g6 42. Rf4 h5 43. Qe1 Qe5 44. Rh4 Rf7 45. Rh3 Rf4 46. Rg3 g5 47. h3
h4 48. Rg4 Rxg4+ 49. fxg4 Qg3+ 50. Kf1 Qxh3+ 51. Kf2 Qg3+ 52. Kf1 Qf3+ 53. Kg1
Qxg4+ 54. Kh2 Qf4+ 0-1

[Event "oibm_2008 Bad Wiesee"]
[Site "Bad Wiessee"]
[Date "2008.11.07"]
[Round "7.9"]
[White "Yemelin, Vasily"]
[Black "Pirrot, Dieter"]
[Result "1-0"]
[WhiteElo "2573"]
[BlackElo "2446"]
[PlyCount "71"]
[EventDate "2008.??.??"]

1. d4 f5 2. Bg5 h6 3. Bf4 Nf6 4. e3 g5 5. Be5 e6 6. g4 fxg4 7. Bd3 d6 8. Bxf6
Qxf6 9. Qxg4 h5 10. Qg3 h4 11. Qg2 Nc6 12. Nc3 d5 13. Nh3 Rg8 14. f4 g4 15.
O-O-O Bd7 16. Be2 g3 17. Ng5 Bh6 18. hxg3 hxg3 19. Qxg3 O-O-O 20. Rdg1 e5 21.
dxe5 Nxe5 22. Nxd5 Qd6 23. Rxh6 Qxd5 24. Kb1 Bb5 25. Bg4+ Kb8 26. b3 Qc5 27.
Ne6 Qc3 28. fxe5 a5 29. Nxd8 Rxd8 30. e4 Bd3 31. cxd3 a4 32. Rc1 Qd4 33. e6 Rd6
34. e7 axb3 35. e8=Q+ Ka7 36. Rxd6 1-0

[Event "oibm_2008 Bad Wiesee"]
[Site "Bad Wiessee"]
[Date "2008.11.07"]
[Round "7.16"]
[White "Hoffmann, Michael"]
[Black "Lagrotteria, Salvatore"]
[Result "1-0"]
[WhiteElo "2469"]
[BlackElo "2199"]
[PlyCount "75"]
[EventDate "2008.??.??"]

1. e4 c6 2. d4 d5 3. Nc3 dxe4 4. Nxe4 Nf6 5. Nxf6+ exf6 6. c3 Bd6 7. Bd3 O-O 8.
Qc2 h6 9. Ne2 Nd7 10. c4 c5 11. d5 b5 12. cxb5 Bb7 13. Nc3 Qc7 14. Be3 c4 15.
Be2 Rfc8 16. g3 Bc5 17. Bxc5 Qxc5 18. Rd1 Re8 19. O-O Ne5 20. Qd2 Rad8 21. Qd4
Qb4 22. Rd2 Rc8 23. Qxa7 Ba8 24. Qa3 Qxa3 25. bxa3 f5 26. a4 g5 27. a5 f4 28.
gxf4 gxf4 29. f3 f5 30. a6 Nd7 31. Rd4 Re3 32. Rc1 Ne5 33. b6 Rb8 34. b7 Bxb7
35. axb7 Rxb7 36. d6 Rd7 37. Kf2 Ng6 38. Nd5 1-0

[Event "oibm_2008 Bad Wiesee"]
[Site "Bad Wiessee"]
[Date "2008.11.07"]
[Round "7.17"]
[White "Stabolewski, Andreas"]
[Black "Meins, Gerlef"]
[Result "0-1"]
[WhiteElo "2277"]
[BlackElo "2460"]
[PlyCount "40"]
[EventDate "2008.??.??"]

1. Nf3 Nf6 2. c4 c5 3. Nc3 e6 4. a3 Nc6 5. d4 d5 6. e3 Be7 7. dxc5 Bxc5 8. b4
Be7 9. Bb2 O-O 10. Qc2 dxc4 11. Bxc4 Bd7 12. Rd1 Rc8 13. Ba2 a5 14. Ng5 Nxb4
15. axb4 axb4 16. Bxe6 fxe6 17. Nxe6 Bxe6 18. Rxd8 Rfxd8 19. O-O bxc3 20. Bc1
b5 0-1

[Event "oibm_2008 Bad Wiessee"]
[Site "?"]
[Date "2008.11.05"]
[Round "?"]
[White "Andersson, U."]
[Black "Devereaux, M."]
[Result "1-0"]
[WhiteElo "2562"]
[BlackElo "2415"]
[PlyCount "101"]
[EventDate "2008.??.??"]

1. Nf3 d5 2. d4 Nf6 3. c4 c6 4. Qb3 dxc4 5. Qxc4 Bf5 6. e3 e6 7. Bd3 Nbd7 8.
O-O Be7 9. Nbd2 Bxd3 10. Qxd3 O-O 11. b3 c5 12. Bb2 cxd4 13. Nxd4 Nc5 14. Qe2
Qd5 15. Rfd1 Rfd8 16. Nc4 Qg5 17. Rac1 Rd5 18. Nf3 Qh5 19. Nce5 Rxd1+ 20. Rxd1
Qf5 21. h3 h6 22. Rc1 Qe4 23. Bd4 b6 24. b4 Ncd7 25. Nc6 Bf8 26. Qa6 Nc5 27.
bxc5 Qxc6 28. Ne5 Qc8 29. Qc4 bxc5 30. Bxc5 Nd7 31. Bxf8 Qxc4 32. Nxc4 Kxf8 33.
Nd6 Ke7 34. Rc8 Rb8 35. Rxb8 Nxb8 36. Nc8+ Kd7 37. Nxa7 Kd6 38. Nb5+ Kc5 39.
Nc7 g6 40. Kf1 Nc6 41. Ke2 Kb4 42. Ne8 Kc5 43. Nf6 Nb4 44. a3 Nc2 45. a4 h5 46.
Nh7 Kd5 47. Ng5 f6 48. Nh7 Ke5 49. f4+ Kf5 50. a5 Nb4 51. Kf3 1-0

[Event "oibm_2008 Bad Wiessee"]
[Site "?"]
[Date "2008.11.05"]
[Round "?"]
[White "Bachmann, A."]
[Black "Weber, U."]
[Result "1/2-1/2"]
[WhiteElo "2555"]
[BlackElo "2411"]
[PlyCount "120"]
[EventDate "2008.??.??"]

1. e4 c5 2. Nf3 d6 3. d4 cxd4 4. Nxd4 Nf6 5. Nc3 a6 6. Bg5 e6 7. f4 Be7 8. Qf3
Qc7 9. O-O-O Nbd7 10. g4 b5 11. Bxf6 Nxf6 12. g5 Nd7 13. Bd3 b4 14. Nce2 Nc5
15. Kb1 g6 16. h4 Bb7 17. c3 Qb6 18. h5 O-O-O 19. Bc2 a5 20. cxb4 axb4 21. Qe3
Kb8 22. Rh3 Rc8 23. Nb3 Nd7 24. e5 Rhd8 25. hxg6 hxg6 26. exd6 Bxd6 27. Be4
Qxe3 28. Rxe3 Nb6 29. Bxb7 Kxb7 30. Re4 Nd5 31. Na5+ Ka6 32. Nc4 Bb8 33. Rf1
Rd7 34. Ne5 Bxe5 35. fxe5 Rh8 36. Nf4 Nxf4 37. Rexf4 Rh5 38. Rxb4 Rxg5 39. Re1
Rd5 40. Rbe4 Rd2 41. a3 Rf5 42. R1e3 Rd5 43. a4 g5 44. Ka2 g4 45. Rxg4 Rfxe5
46. Rb3 Rd7 47. Rg8 Ka7 48. Rc3 f5 49. Rf8 Re4 50. Ka3 f4 51. Rcc8 Re3+ 52. b3
f3 53. a5 Kb7 54. Ka4 f2 55. Rb8+ Kc7 56. Rbc8+ Kb7 57. Rc4 Re2 58. b4 e5 59.
b5 Ra2+ 60. Kb4 Rb2+ 1/2-1/2